Normal view
MARC view
Entry Personal Name
001 - CONTROL NUMBER
- control field: 72902
003 - CONTROL NUMBER IDENTIFIER
- control field: dpl
005 - DATE AND TIME OF LATEST TRANSACTION
- control field: 20241017114057.0
008 - FIXED-LENGTH DATA ELEMENTS
- fixed length control field: 241017|| aca||aabn | a|a d
040 ## - CATALOGING SOURCE
- Original cataloging agency: dpl
- Transcribing agency: dpl
100 ## - HEADING--PERSONAL NAME
- Personal name: जलालुद्दीन, ए. के
670 ## - SOURCE DATA FOUND
- Source citation: Work cat.: (dpl)206453: जलालुद्दीन, ए. के, लर्निंग कम्यूनिटी : अवधारणा एंव व्यवहार /, 2021
